000 00327nam a2200109Ia 4500
008 171211s9999 xx 000 0 und d
245 _aMil Mi-24 Hind Gunship (osprey New Vanguard 171)
245 _cAlexander Miladenov
260 _c2010
650 _xMilitary
856 _uhttp://down.ebook777.com/MilMi2HinGun(osNewVan171.pdf
999 _c348333
_d348333